书目信息 |
| 题名: |
倩女裙装精品358款
|
|
| 作者: | 泰吉 | |
| 分册: | ||
| 出版信息: | 西藏人民出版社 1996.02 |
|
| 页数: | 164页 | |
| 开本: | 16开 | |
| 丛书名: | ||
| 单 册: | ||
| 中图分类: | TS941.2 | |
| 科图分类: | ||
| 主题词: | 服装工业 | |
| 电子资源: | ||
| ISBN: | 7-223-00785-0 | |
| 000 | 00520nam0 2200181 45 | |
| 001 | 9911301546 | |
| 005 | 19991130154243.1 | |
| 010 | @a7-223-00785-0@d24.80 | |
| 100 | @a19991130d1996 km y0chiy0120 ea | |
| 101 | @achi | |
| 105 | @a z 000yy | |
| 200 | 1 | @a倩女裙装精品358款@AQian Nu Qun Zhuang Jing Pin 358 Kuan@f泰吉@FTai Ji |
| 210 | @c西藏人民出版社@d1996.02 | |
| 215 | @a164页@c无图表@d16开 | |
| 606 | 0 | @a服装工业 |
| 690 | @aTS941.2@v3 | |
| 801 | @aCN@bPerfectUser@c19991130 | |
| 905 | @aBZT@b51916-917@f2@dTS941.2@e1 | |
| 倩女裙装精品358款/泰吉.-西藏人民出版社,1996.02 |
| 164页:无图表;16开 |
| ISBN 7-223-00785-0:24.80 |
| ● |
| 相关链接 |
|
|
|
正题名:倩女裙装精品358款
索取号:TS941.2/1
 
预约/预借
| 序号 | 登录号 | 条形码 | 馆藏地/架位号 | 状态 | 备注 |
| 1 | 51916 | 200537142 | 中心书库中库/ 中库024架B面1列7层6/ [索取号:TS941.2/1] | 在馆 | |
| 2 | 51917 | 200537151 | 中心书库中库/ 中库025架B面4列6层59/ [索取号:TS941.2/1] | 在馆 |